=LDR 00000nam 2200000 4500 =001 000493 =005 20250710101044 =035 ##$$a 0010-0725000355 =007 ta =008 250710################a##########0#ind## =020 ##$$a 978-623-307-613-5 =082 ##$$a 398.209 598 =084 ##$$a 398.209 598 SAZ k =100 #$$a Sazon, Armand =245 1#$$a Kota Kamayanan dan Legenda Tarian Tangan /$c Armand Sazon =250 ##$$a Cetakan Pertama =260 ##$$a Jakarta :$b Badan Pengembangan dan Pembinaan Bahasa,$c 2022 =300 ##$$a 24 hlm. : $b Ilus. ; $c 22,9 cm =650 #4$$a CERITA ANAK INDONESIA-TERJEMAHAN =650 #4$$a LITERASI-BAHAN BACAAN =990 ##$$a TBM02450245